El Desatino de privatizar la energía y la telecomunicación /

Uloženo v:
Podrobná bibliografie
Hlavní autor: León, Alvaro
Médium: Text
Témata:
Tagy: Přidat tag
Žádné tagy, Buďte první, kdo vytvoří štítek k tomuto záznamu!

MARC

LEADER 00000 a a2200000 04500
001 583
003
040
100 |a León, Alvaro  
245 |a El Desatino de privatizar la energía y la telecomunicación /  |c Alvaro León 
650 |a ENERGIA  
650 |a POLITICA ENERGETICA  
650 |a TELECOMUNICACIONES  
650 |a PRIVATIZACION  
650 |a INDUSTRIA DE TELECOMUNICACIONES  
773 |g número 78; páginas 1-9  
999 |c 22660  |d 22660